Actors who worked with Robert Eggers - Statistics

General Stats
  • This quiz has been taken 40 times
    19 since last reset
  • The average score is 11 of 24
Answer Stats
Films Answer % Correct
The Lighthouse, The Northman, Nosferatu Willem Dafoe
100%
The Witch, The Northman Anya Taylor-Joy
92%
Nosferatu Lily-Rose Depp
92%
The Lighthouse Robert Pattinson
92%
Nosferatu Aaron Taylor-Johnson
85%
The Northman Alexander Skarsgard
85%
Nosferatu Bill Skarsgard
85%
Nosferatu Nicholas Hoult
77%
The Northman Nicole Kidman
77%
The Witch, The Northman, Nosferatu Ralph Ineson
77%
The Northman Ethan Hawke
69%
The Northman Björk
46%
Nosferatu Emma Corrin
46%
The Northman Claes Bang
38%
The Northman Elliott Rose
15%
The Witch Kate Dickie
15%
Nosferatu Simon McBurney
15%
The Lighthouse Kyla Nicolle
8%
The Witch Ellie Grainger
0%
The Northman Gustav Lindh
0%
The Witch Harvey Scrimshaw
0%
The Lighthouse Logan Hawkes
0%
The Witch Lucas Dawson
0%
The Lighthouse Valeriia Karaman
0%
No matching quizzes found
Score Distribution
Percent of People with Each Score
Percentile by Number Answered
Your Score History
You have not taken this quiz since the last reset